• 首页
  • 本馆介绍
  • 公告通知
  • 最新文献
  • 馆藏检索
  • 电子资源
  • 读者导购
  • 参考咨询
  • 我的图书馆
  • 登录
  • 详细信息显示
  • 放入我的书架
  • 预约/预借图书
  • 作者相关作品
  • 分类相关作品
  • 丛书相关作品
  • 出版社相关作品

书目信息

  • 表格格式
  • 工作单格式
  • 卡片格式
题名:
新课标初中英语语法
    
 
作者: 高凌 主编
分册:  
出版信息: 北京   世界知识出版社  2006
页数: 330页
开本: 21cm
丛书名:
单 册:
中图分类: G634.413
科图分类:
主题词: 英语--语法--初中--教学参考资料 , 英语
电子资源:
ISBN: 7-5012-2971-6
000 00719nam0 2200241 450
000 00813nam0 2200241 450
000 00742nam0 2200217 450
000 00706oam2 2200205 45
005 20070802160312.51
010    @a7-5012-2971-6@dCNY17.00
100    @a20070730d2006 em y0chiy0120 ea
101 2  @achi@aeng
102    @aCN@b110000
105    @ay z 000yy
200 1  @a新课标初中英语语法@AXin Ke Biao Chu Zhong Ying Yu Yu Fa@f高凌主编@FGao Ling Zhu Bian
210    @a北京@c世界知识出版社@d2006
215    @a330页@d21cm
606 0  @a英语@x语法@x初中@j教学参考资料
606 0  @a英语
690    @aG634.413@v4
701  0 @a高凌@AGao Ling@4主编
801  0 @aCN@bTAOJIN@c20070802
905    @a10447@dG634.413@e1024
    
    新课标初中英语语法/高凌主编.-北京:世界知识出版社,2006
    330页;21cm
    
    
    ISBN 7-5012-2971-6:CNY17.00
    
●
相关链接 在E读中查询图书 在五车中查询图书 在当当中查询图书 在豆瓣中查询图书


正题名:新课标初中英语语法     索取号:G634.413/1024         预约/预借

序号 登录号 条形码 馆藏地/架位号 状态 备注
1 0826638   208266384   第一样本阅览室/ [索取号:G634.413/1024] 在馆    
2 0826639   208266393   第四借阅区/ [索取号:G634.413/1024] 在馆    
3 0826640   208266400   第四借阅区/ [索取号:G634.413/1024] 在馆    
4 0826641   208266419   第四借阅区/ [索取号:G634.413/1024] 在馆    
5 0826642   208266428   第四借阅区/ [索取号:G634.413/1024] 在馆    
唐山师范学院图书馆 欢迎您!
大连网信软件有限公司© 版权所有